Bližšie k svetu bez chudoby

Bilancia po desiatich rokoch od prijatia Miléniových rozvojových cieľov OSN. Projekty SlovakAid zamerané na ciele OSN v rokoch 2004-2009. Zameranie projektov (8 cieľov) SlovakAid. SlovakAid a ciele OSN podľa krajín. Slovensko a odpustené dlhy.

Enregistré dans:
Détails bibliographiques
Format: Chapitre de livre
Langue:slovaque
Sujets:
Tags: Ajouter un tag
Pas de tags, Soyez le premier à ajouter un tag!

MARC

LEADER 00000naa a2200000 4500
001 0121183
005 20231018093814.0
041 0 |a slo 
044 |a SK 
245 1 0 |a Bližšie k svetu bez chudoby 
520 |a Bilancia po desiatich rokoch od prijatia Miléniových rozvojových cieľov OSN. Projekty SlovakAid zamerané na ciele OSN v rokoch 2004-2009. Zameranie projektov (8 cieľov) SlovakAid. SlovakAid a ciele OSN podľa krajín. Slovensko a odpustené dlhy. 
610 2 0 |a pomoc rozvojová 
610 2 0 |a pomoc medzinárodná 
610 2 0 |a pomoc humanitárna 
610 2 0 |a pomoc finančná 
610 2 0 |a chudoba 
610 2 0 |a úmrtnosť 
610 2 0 |a deti 
610 2 0 |a ženy 
610 2 0 |a zdravie 
610 2 0 |a krajiny rozvojové 
610 2 0 |a krajiny vyspelé 
610 2 0 |a organizácie medzinárodné